मध्य प्रदेश सविधान शाला शिक्षक पात्रता परीक्षा श्रेणी 2 विज्ञान (Record no. 50444)
[ view plain ]
| 000 -LEADER | |
|---|---|
| fixed length control field | 00580nam a22001577a 4500 |
| 003 - CONTROL NUMBER IDENTIFIER | |
| control field | MACL |
| 005 - DATE AND TIME OF LATEST TRANSACTION | |
| control field | 20151030173631.0 |
| 008 - FIXED-LENGTH DATA ELEMENTS--GENERAL INFORMATION | |
| fixed length control field | 151030b xxu||||| |||| 00| 0 eng d |
| 040 ## - CATALOGING SOURCE | |
| Transcribing agency | MACL |
| 041 ## - LANGUAGE CODE | |
| Language code of text/sound track or separate title | Hindi |
| 082 ## - DEWEY DECIMAL CLASSIFICATION NUMBER | |
| Classification number | 370 |
| 100 ## - MAIN ENTRY--PERSONAL NAME | |
| Personal name | डॉ लाल सिंग यादव |
| 9 (RLIN) | 17248 |
| 245 ## - TITLE STATEMENT | |
| Title | मध्य प्रदेश सविधान शाला शिक्षक पात्रता परीक्षा श्रेणी 2 विज्ञान |
| 260 ## - PUBLICATION, DISTRIBUTION, ETC. (IMPRINT) | |
| Place of publication, distribution, etc. | आगरा |
| Name of publisher, distributor, etc. | उपकार प्रकशन |
| Date of publication, distribution, etc. | २०१४ |
| 942 ## - ADDED ENTRY ELEMENTS (KOHA) | |
| Source of classification or shelving scheme | |
| Koha item type | Hindi Books |
No items available.









